[Event "BEL-chT 1314"]
[Site "Belgium"]
[Date "2014.03.23"]
[Round "11.7"]
[White "Gulbas, Cemil"]
[Black "Cekro, Ekrem"]
[Result "1/2-1/2"]
[WhiteElo "2377"]
[BlackElo "2378"]
[PlyCount "52"]
[EventDate "2013.09.22"]
[EventType "team-tourn"]
[EventRounds "11"]
[EventCountry "BEL"]
[SourceTitle "EXT 2015"]
[Source "ChessBase"]
[SourceDate "2014.11.20"]
[SourceVersion "1"]
[SourceVersionDate "2014.11.20"]
[SourceQuality "1"]
[WhiteTeam "Wirtzfeld"]
[BlackTeam "Fontaine"]
[WhiteTeamCountry "BEL"]
[BlackTeamCountry "BEL"]

1. e4 g6 2. d4 c6 3. Nc3 Bg7 4. f4 d6 5. Be3 Qb6 6. Qd2 Qxb2 7. Rb1 Qa3 8. Nf3 d5 9. exd5 Nf6 10. dxc6 bxc6 11. Ne5 Qd6 12. Be2 0-0 13. Bf3 Be6 14. 0-0 Nd5 15. Ne4 Qd8 16. Bf2 Nb6 17. c3 Bd5 18. Rfe1 N8d7 19. Qc2 Qc7 20. Nd2 Nf6 21. c4 Bxf3 22. Ndxf3 Rab8 23. f5 Nbd7 24. Bg3 Rxb1 25. Rxb1 Nxe5 26. Bxe5 Qc8 1/2-1/2

[Event "BEL-chT 1314"]
[Site "Belgium"]
[Date "2014.02.23"]
[Round "10.7"]
[White "Cekro, Ekrem"]
[Black "Mladenov, Svetlin"]
[Result "1-0"]
[WhiteElo "2378"]
[BlackElo "2459"]
[PlyCount "67"]
[EventDate "2013.09.22"]
[EventType "team-tourn"]
[EventRounds "11"]
[EventCountry "BEL"]
[SourceTitle "EXT 2015"]
[Source "ChessBase"]
[SourceDate "2014.11.20"]
[SourceVersion "1"]
[SourceVersionDate "2014.11.20"]
[SourceQuality "1"]
[WhiteTeam "Fontaine"]
[BlackTeam "Eynatten"]
[WhiteTeamCountry "BEL"]
[BlackTeamCountry "BEL"]

1. c4 g6 2. g3 Bg7 3. Bg2 c5 4. Nc3 Nc6 5. a3 b6 6. e4 Bb7 7. Nge2 e6 8. Rb1 d6 9. 0-0 Nge7 10. d3 0-0 11. b4 Qd7 12. Be3 Rac8 13. Qd2 Rfe8 14. h3 Nd4 15. Rfc1 Nxe2+ 16. Nxe2 cxb4 17. axb4 d5 18. Qa2 dxc4 19. dxc4 Rc6 20. Rd1 Qc7 21. c5 bxc5 22. bxc5 Ra6 23. Qb3 Bc6 24. Nc3 Ra5 25. Qb4 Be5 26. Bd2 Ra6 27. Bf1 Bxg3 28. fxg3 Qxg3+ 29. Bg2 Nf5 30. Ne2 Qd3 31. Nf4 Qg3 32. Rb3 Qh4 33. exf5 Ra4 34. Qc3 1-0

[Event "NRW Class2 1314"]
[Site "Germany"]
[Date "2013.09.15"]
[Round "1.2"]
[White "Cekro, Ekrem"]
[Black "Hobusch, Alexander"]
[Result "1-0"]
[WhiteElo "2360"]
[BlackElo "2187"]
[PlyCount "63"]
[EventDate "2013.09.15"]
[EventType "team-tourn"]
[EventRounds "9"]
[EventCountry "GER"]
[SourceTitle "EXT 2015"]
[Source "ChessBase"]
[SourceDate "2014.11.20"]
[SourceVersion "1"]
[SourceVersionDate "2014.11.20"]
[SourceQuality "1"]
[WhiteTeam "Wuerselen"]
[BlackTeam "Solingen III"]
[WhiteTeamCountry "GER"]
[BlackTeamCountry "GER"]

1. c4 e5 2. g3 Nc6 3. Bg2 f5 4. Nc3 Nf6 5. d3 Bb4 6. Bd2 0-0 7. a3 Bxc3 8. Bxc3 d6 9. Nf3 Qe8 10. Nd2 Qh5 11. e3 Qh6 12. Qe2 f4 13. Ne4 fxe3 14. Nxf6+ Rxf6 15. Qxe3 Qxe3+ 16. fxe3 Bg4 17. Rf1 Rxf1+ 18. Bxf1 Rf8 19. Rc1 Rf6 20. Rc2 Nd8 21. c5 Nc6 22. b4 Bf3 23. cxd6 cxd6 24. b5 Ne7 25. e4 Bd1 26. Kxd1 Rxf1+ 27. Be1 a6 28. Rc7 Rf7 29. Bb4 axb5 30. Bxd6 Ng6 31. Rc8+ Nf8 32. Kc2 1-0

[Event "BEL-chT 1213"]
[Site "Belgium"]
[Date "2013.02.17"]
[Round "9.2"]
[White "Cekro, Ekrem"]
[Black "Hamblok, Roel"]
[Result "1/2-1/2"]
[WhiteElo "2393"]
[BlackElo "2229"]
[PlyCount "33"]
[EventDate "2012.09.23"]
[EventType "team-tourn"]
[EventRounds "11"]
[EventCountry "BEL"]
[SourceTitle "EXT 2014"]
[Source "ChessBase"]
[SourceDate "2013.11.20"]
[SourceVersion "1"]
[SourceVersionDate "2013.11.20"]
[SourceQuality "1"]
[WhiteTeam "Fontaine"]
[BlackTeam "Zottegem"]
[WhiteTeamCountry "BEL"]
[BlackTeamCountry "BEL"]

1. c4 e6 2. g3 d5 3. Bg2 Nf6 4. Nf3 Be7 5. 0-0 0-0 6. b3 c5 7. cxd5 exd5 8. d4 Nc6 9. Bb2 Bg4 10. dxc5 Bxc5 11. Nc3 a6 12. Rc1 Ba7 13. Na4 Ne4 14. Nd4 Bxd4 15. Bxd4 Bxe2 16. Qxe2 Nxd4 17. Qd3 1/2-1/2

[Event "BEL-chT 1213"]
[Site "Belgium"]
[Date "2013.01.13"]
[Round "7.2"]
[White "Cekro, Ekrem"]
[Black "Bojkov, Dejan"]
[Result "1/2-1/2"]
[WhiteElo "2393"]
[BlackElo "2514"]
[PlyCount "83"]
[EventDate "2012.09.23"]
[EventType "team-tourn"]
[EventRounds "11"]
[EventCountry "BEL"]
[SourceTitle "EXT 2014"]
[Source "ChessBase"]
[SourceDate "2013.11.20"]
[SourceVersion "1"]
[SourceVersionDate "2013.11.20"]
[SourceQuality "1"]
[WhiteTeam "Fontaine"]
[BlackTeam "Amay"]
[WhiteTeamCountry "BEL"]
[BlackTeamCountry "BEL"]

1. c4 b6 2. Nc3 Bb7 3. e4 e6 4. g3 f5 5. Bg2 Nf6 6. d3 fxe4 7. Nge2 Nc6 8. dxe4 Bc5 9. 0-0 0-0 10. Na4 Bd6 11. b3 Qe7 12. Bb2 e5 13. h3 Nd8 14. Qd3 Ne6 15. Rad1 Qf7 16. f4 exf4 17. e5 Bc5+ 18. Nxc5 Nxc5 19. Qd4 Bxg2 20. Kxg2 Ne6 21. Qd3 Nh5 22. g4 f3+ 23. Qxf3 Nhf4+ 24. Nxf4 Nxf4+ 25. Kh2 Qe7 26. Qe4 Ne6 27. Rf5 Rad8 28. Rdf1 a5 29. Kg3 Qc5 30. Bc3 Qa3 31. Qc2 Rde8 32. h4 Qc5 33. Qd2 Re7 34. Rxf8+ Nxf8 35. Bd4 Qc6 36. Bc3 Rf7 37. Rxf7 Kxf7 38. Qd5+ Ne6 39. Qxc6 dxc6 40. Kf3 Nc5 41. Bd4 Ne6 42. Ke4 1/2-1/2